Do którego państwa ma najbliżej to polskie miasto? - Statystyki

Ogólne statystyki
  • Ten quiz został rozwiązany 2 246 razy
  • Średni wynik to 9 z 12
Statystyki odpowiedzi
Miasto Państwo % Poprawnych
Gdańsk Rosja
95%
Białystok Białoruś
94%
Lublin Ukraina
92%
Legnica Czechy
89%
Nowy Sącz Słowacja
87%
Sanok Ukraina
84%
Głogów Niemcy
80%
Biała Podlaska Białoruś
74%
Suwałki Litwa
73%
Dzierżoniów Czechy
64%
Sucha Beskidzka Słowacja
64%
Kętrzyn Rosja
53%
Nie znaleziono quizów pasujących do podanych kryteriów
Rozkład punktacji
Procent ludzi z każdym wynikiem
Percentyl według liczby udzielonych odpowiedzi
Twoja historia wyników
Nie rozwiązałeś tego quizu